书目信息 |
| 题名: |
老子·庄子彩图馆
|
|
| 作者: | 老子 , 庄子 著 ;黄威 编 | |
| 分册: | ||
| 出版信息: | 北京 中国华侨出版社 2016 |
|
| 页数: | 427页 | |
| 开本: | 25cm | |
| 丛书名: | ||
| 单 册: | ||
| 中图分类: | B223.1 , B223.5 | |
| 科图分类: | ||
| 主题词: | 道家--dao jia | |
| 电子资源: | ||
| ISBN: | 978-7-5113-5897-4 | |
| 000 | 01228nam0 22003251 450 | |
| 001 | 0102164928 | |
| 005 | 20170502164928.0 | |
| 010 | @a978-7-5113-5897-4@dCNY39.80 | |
| 100 | @a20160530d2016 em y0chiy50 ea | |
| 101 | 0 | @achi |
| 102 | @aCN@b110000 | |
| 105 | @aa z 000yy | |
| 106 | @ar | |
| 200 | 1 | @a老子·庄子彩图馆@9lao zi zhuang zi cai tu guan@f(春秋)老子,(战国)庄子著@g黄威编 |
| 210 | @a北京@c中国华侨出版社@d2016 | |
| 215 | @a427页@d25cm | |
| 300 | @a中侨彩图馆/刘凤珍主编 | |
| 330 | @a本书是《老子》与《庄子》的合集,收录《老子》八十一章及《庄子》三十三篇内容。为了全方位、多层次展示《老子》与《庄子》这两部巨著,本书用通俗易懂的语言深入浅出地对每篇作品进行全解、详注,并配以精美图片,与文字相辅相成,使读者获得丰富的想象空间和高雅的艺术享受。 | |
| 605 | @a《道德经》@Adao de jing@x注释 | |
| 605 | @a《道德经》@Adao de jing@x译文 | |
| 605 | @a《庄子》@Azhuang zi@x注释 | |
| 605 | @a《庄子》@Azhuang zi@x译文 | |
| 606 | 0 | @a道家@9dao jia |
| 690 | @aB223.1@v5 | |
| 690 | @aB223.5@v5 | |
| 701 | 0 | @c(春秋)@a老子@9lao zi@4著 |
| 701 | 0 | @c(战国)@a庄子@9zhuang zi@f(前369?~前286)@4著 |
| 702 | 0 | @a黄威@9huang wei@4编 |
| 801 | 0 | @aCN@b百万庄@c20170308 |
| 905 | @b1003066-71@dB223.1@e575@f6 | |
| 老子·庄子彩图馆/(春秋)老子,(战国)庄子著/黄威编.-北京:中国华侨出版社,2016 |
| 427页;25cm |
| 中侨彩图馆/刘凤珍主编 |
| ISBN 978-7-5113-5897-4:CNY39.80 |
| 本书是《老子》与《庄子》的合集,收录《老子》八十一章及《庄子》三十三篇内容。为了全方位、多层次展示《老子》与《庄子》这两部巨著,本书用通俗易懂的语言深入浅出地对每篇作品进行全解、详注,并配以精美图片,与文字相辅相成,使读者获得丰富的想象空间和高雅的艺术享受。 |
| ● |
| 相关链接 |
|
|
|
|
正题名:老子·庄子彩图馆
索取号:B223.1/575
 
预约/预借
| 序号 | 登录号 | 条形码 | 馆藏地/架位号 | 状态 | 备注 |
| 1 | 1003066 | 210030660 | 第一样本阅览室/ [索取号:B223.1/575] | 在馆 | |
| 2 | 1003067 | 210030679 | 教育系资料室/ [索取号:B223.1/575] | 在馆 | |
| 3 | 1003068 | 210030688 | 教育系资料室/ [索取号:B223.1/575] | 在馆 | |
| 4 | 1003069 | 210030697 | 教育系资料室/ [索取号:B223.1/575] | 在馆 | |
| 5 | 1003070 | 210030704 | 第一借阅区/ [索取号:B223.1/575] | 在馆 | |
| 6 | 1003071 | 210030713 | 第一借阅区/ [索取号:B223.1/575] | 在馆 |